| 000 | 00702cab a2200229 4500 | ||
|---|---|---|---|
| 001 | WB3435-16 | ||
| 008 | 090401t1998 xxu||||| |||| 00| 0 eng d | ||
| 035 | _a(Sirsi) u88493 | ||
| 041 | _aeng | ||
| 245 | _aPACE challenge to agents | ||
| 260 | _c1998 | ||
| 350 | _a0 | ||
| 490 |
_aEstates Gazette _v(9837) 12 September 1998, 50(1) |
||
| 520 | _aPACE, the body set up to dispose of empty government buildings, is planning to charge other departments for its property advice. | ||
| 650 | _aGOVERNMENT BUILDINGS | ||
| 650 | _aPACE | ||
| 650 | _aPROPERTY ADVICE | ||
| 650 | _aPROPERTY ADVISERS FOR CIVIL ESTATE | ||
| 690 | _aPROPERTY-COMMERCIAL PROPERTY | ||
| 942 | _n0 | ||
| 948 | _c15/09/1998 | ||
| 999 |
_c55911 _d55911 |
||